[Event "CLUB NUMERO UNO"]
[Site "SchemingMind.com"]
[Date "2008.06.09"]
[Round "-"]
[White "finlaggan"]
[Black "Tahur"]
[Result "1-0"]
[WhiteCountry "SCO"]
[BlackCountry "ARG"]
[WhiteElo "2124"]
[WhiteRD "92"]
[BlackElo "1981"]
[BlackRD "58"]
[GameID "158276"]

1. c4 f5 2. d4 e6 3. Nf3 Nf6 4. g3 b6 5. Bg2 Bb7 6. O-O Be7 7. d5 exd5 8. Nd4 O-O 9. Nxf5 c6 10. cxd5 Nxd5
11. e4 Ba6 12. Qg4 Rxf5 13. Qxf5 Bxf1 14. Bxf1 g6 15. Qf3 Nc7 16. Nc3 Ne6 17. Bc4 b5 18. Bb3 Na6 19. a4 Nc5 20. Bxe6+ dxe6
21. axb5 Nb3 22. Rb1 cxb5 23. Nxb5 Nd2 24. Bxd2 Qxd2 25. Qb3 Rf8 26. Qxe6+ Rf7 27. Rf1 Qxb2 28. Nxa7 Qe2 29. Qd5 Qf3 30. Nc6 Bf6
31. Nd4 Bxd4 32. Qxd4 Rf4 33. Rc1 Rxe4 34. Qd5+ Kg7 35. Rc7+ Kh6 36. Qd2+ Rf4 37. Qxf4+ Qxf4 38. gxf4 g5 39. fxg5+ Kxg5 40. Rxh7
1-0

[Event "CLUB NUMERO UNO"]
[Site "SchemingMind.com"]
[Date "2008.06.08"]
[Round "-"]
[White "JOZIN Z BAZIN"]
[Black "Tahur"]
[Result "0-1"]
[WhiteCountry "POL"]
[BlackCountry "ARG"]
[WhiteElo "1544"]
[WhiteRD "60"]
[BlackElo "1995"]
[BlackRD "58"]
[GameID "158277"]

1. c4 c5 2. g3 Nf6 3. Bg2 e6 4. Nf3 b6 5. Ne5 d5 6. d3 Bd6 7. Bf4 O-O 8. cxd5 exd5 9. Nxf7 Rxf7 10. Qb3 Be6
11. Qc2 g5 12. Bxg5 Nc6 13. e3 Nb4 14. Qd2 Qc8 15. e4 Qa6 16. O-O Qxd3 17. exd5 Qxd2 18. Nxd2 Bxd5 19. Bxd5 Nfxd5 20. Ne4 Be5
21. Rad1 Bxb2 22. Rfe1 Bd4 23. Kg2 Nxa2 24. Nd6 Rxf2+ 25. Kh1 Nac3 26. Rd3 Raf8 27. Re8 Rxe8 28. Nxe8 Ne4 29. Bh6 Ra2
0-1